Horse Power Now at Ferrari, Lewis Hamilton Races to Claim his Place as F1'S Greatest (Periodicals) (Record no. 5821)

MARC details
000 -LEADER
fixed length control field 00534nam a22001697a 4500
003 - CONTROL NUMBER IDENTIFIER
control field OSt
005 - DATE AND TIME OF LATEST TRANSACTION
control field 20251208111942.0
008 - FIXED-LENGTH DATA ELEMENTS--GENERAL INFORMATION
fixed length control field 251208b |||||||| |||| 00| 0 eng d
041 ## - LANGUAGE CODE
Language code of text/sound track or separate title English
082 ## - DEWEY DECIMAL CLASSIFICATION NUMBER
Classification number PER/039/25
110 ## - MAIN ENTRY--CORPORATE NAME
Corporate name or jurisdiction name as entry element Time
245 ## - TITLE STATEMENT
Title Horse Power Now at Ferrari, Lewis Hamilton Races to Claim his Place as F1'S Greatest (Periodicals)
260 ## - PUBLICATION, DISTRIBUTION, ETC.
Place of publication, distribution, etc. Accra:
Name of publisher, distributor, etc. Time,
Date of publication, distribution, etc. 2025.
300 ## - PHYSICAL DESCRIPTION
Extent 72p.pics.
653 ## - INDEX TERM--UNCONTROLLED
Uncontrolled term Horse Power Now at Ferrari, Lewis Hamilton Races to Claim his Place as F1'S Greatest
942 ## - ADDED ENTRY ELEMENTS (KOHA)
Source of classification or shelving scheme Dewey Decimal Classification
Koha item type Periodicals
Suppress in OPAC No
Holdings
Withdrawn status Lost status Source of classification or shelving scheme Damaged status Not for loan Home library Current library Shelving location Date acquired Total checkouts Full call number Date last seen Price effective from Koha item type
    Dewey Decimal Classification     Main Library Main Library Open Shelves 08/12/2025   PER/039/25 08/12/2025 08/12/2025 Periodicals
©2026  Parliament of Ghana Library - All rights reserved